Sports Quiz

Random Sports or WWE Quiz

WWE Wrestlemania Main Eventers Quiz Stats

 Plays Quiz not verified by Sporcle

Challenge
Share
Tweet
Embed
Score 0/31 Timer 08:00
0 Plays Today
# of Main Events Wrestler % Correct
8Hulk Hogan
97.6%
6Triple H
97.3%
4The Rock
97.3%
3The Undertaker
97%
5Shawn Michaels
95.8%
4John Cena
95.5%
3Steve Austin
95.2%
2Bret Hart
88.2%
1Randy Orton
86.4%
1Brock Lesnar
84%
1Batista
83.7%
2Randy Savage
83.4%
1Edge
83.1%
1Andre the Giant
81.3%
1Kurt Angle
81%
1The Big Show
80.4%
# of Main Events Wrestler % Correct
1Chris Benoit
78.5%
1The Ultimate Warrior
77.3%
2Yokozuna
77%
1Chris Jericho
77%
1Roddy Piper
75.2%
1The Miz
74%
1Mick Foley
73.1%
1Mr. T
71.9%
2Sycho Sid
70.4%
1Ted Dibiase
67.4%
1King Kong Bundy
67.1%
1Sgt. Slaughter
65.6%
1Paul Orndorff
62.5%
1Bam Bam Bigelow
58.9%
1Lawrence Taylor
55.9%

You're not logged in!

Compare scores with friends on all Sporcle quizzes.
OR
Log In

You Might Also Like...

Show Comments

Extras

Top Quizzes Today


Score Distribution

Your Account Isn't Verified!

In order to create a playlist on Sporcle, you need to verify the email address you used during registration. Go to your Sporcle Settings to finish the process.

Report this User

Report this user for behavior that violates our Community Guidelines.

Details: